<?xml version="1.0" encoding="UTF-8"?>
<collection xmlns="http://www.loc.gov/MARC21/slim">
    <record>
        <controlfield tag="001">32205</controlfield>
        <controlfield tag="005">20210121082903.0</controlfield>
        <datafield tag="024" ind1="7" ind2=" ">
            <subfield code="2">doi</subfield>
            <subfield code="a">10.1016/j.psi.2015.07.008</subfield>
        </datafield>
        <datafield tag="024" ind1="8" ind2=" ">
            <subfield code="2">sideral</subfield>
            <subfield code="a">92192</subfield>
        </datafield>
        <datafield tag="037" ind1=" " ind2=" ">
            <subfield code="a">ART-2015-92192</subfield>
        </datafield>
        <datafield tag="041" ind1=" " ind2=" ">
            <subfield code="a">spa</subfield>
        </datafield>
        <datafield tag="100" ind1=" " ind2=" ">
            <subfield code="0">(orcid)0000-0001-5073-4465</subfield>
            <subfield code="a">Boira Sarto, Santiago José</subfield>
            <subfield code="u">Universidad de Zaragoza</subfield>
        </datafield>
        <datafield tag="245" ind1=" " ind2=" ">
            <subfield code="a">Miedo, conformidad y silencio. La violencia en las relaciones de pareja en áreas rurales de Ecuador</subfield>
        </datafield>
        <datafield tag="260" ind1=" " ind2=" ">
            <subfield code="c">2015</subfield>
        </datafield>
        <datafield tag="506" ind1="0" ind2=" ">
            <subfield code="a">Access copy available to the general public</subfield>
            <subfield code="f">Unrestricted</subfield>
        </datafield>
        <datafield tag="520" ind1="3" ind2=" ">
            <subfield code="a">La situación de la violencia dentro de la pareja en Latinoamérica es un problema complejo que provocagraves consecuencias para miles de mujeres. En este estudio se analizan los factores y dinámicas invo-lucradas en este tipo de violencia en un contexto de peque˜nas comunidades rurales. Para ello, a partirde un marco ecológico de análisis se ha desarrollado un estudio cualitativo en comunidades rurales dela provincia de Imbabura, en Ecuador. Se realizaron 7 grupos focales en los que participaron un total de63 personas. Los resultados muestran: a) la importancia del entorno comunitario y de las interaccionesde víctima y agresor con la familia, vecindario y agentes de intervención; b) la influencia de la estructuradel territorio y la actuación del Estado en el manejo de las situaciones de violencia dentro de la pareja,y c) los efectos que la presión ejercida por los distintos miembros de la comunidad pueden tener parala víctima y sus opciones de denunciar la situación. Finalmente, se apunta la posibilidad de que los fac-tores identificados puedan ser elementos explicativos y esclarecedores de las dinámicas de violencia encontextos similares al caso estudiado.

The situation of intimate partner violence in Latin America is a complex problem that has serious conse-quences for thousands of women. In this study the factors and dynamics involved in such violence in acontext of small rural communities are analyzed. To do this from an ecological framework of analysis, wehave developed a qualitative study in rural communities of the province of Imbabura, in Ecuador. Sevenfocus groups involving a total of 63 people were held. The results show: (i) the importance of communityenvironment and interactions of victim and perpetrator to the family, neighborhood and police interven-tion; (ii) the way that the territory structure and state action affect the handling of situations of intimatepartner violence, and (iii) the effects of the pressure exerted by the various members of the communitycan have on the victim and their ability to report the situation. Finally, the possibility that the identifiedfactors can be explanatory and illuminating elements of the dynamics of violence in similar contexts tothe case study is targeted.</subfield>
        </datafield>
        <datafield tag="540" ind1=" " ind2=" ">
            <subfield code="9">info:eu-repo/semantics/openAccess</subfield>
            <subfield code="a">by</subfield>
            <subfield code="u">http://creativecommons.org/licenses/by/3.0/es/</subfield>
        </datafield>
        <datafield tag="592" ind1=" " ind2=" ">
            <subfield code="a">0.37</subfield>
            <subfield code="b">2015</subfield>
        </datafield>
        <datafield tag="593" ind1=" " ind2=" ">
            <subfield code="a">Applied Psychology</subfield>
            <subfield code="c">2015</subfield>
            <subfield code="d">Q3</subfield>
        </datafield>
        <datafield tag="593" ind1=" " ind2=" ">
            <subfield code="a">Social Psychology</subfield>
            <subfield code="c">2015</subfield>
            <subfield code="d">Q3</subfield>
        </datafield>
        <datafield tag="593" ind1=" " ind2=" ">
            <subfield code="a">Developmental and Educational Psychology</subfield>
            <subfield code="c">2015</subfield>
            <subfield code="d">Q3</subfield>
        </datafield>
        <datafield tag="655" ind1=" " ind2="4">
            <subfield code="a">info:eu-repo/semantics/article</subfield>
            <subfield code="v">info:eu-repo/semantics/publishedVersion</subfield>
        </datafield>
        <datafield tag="700" ind1=" " ind2=" ">
            <subfield code="a">Carbajosa, P.</subfield>
        </datafield>
        <datafield tag="700" ind1=" " ind2=" ">
            <subfield code="a">Méndez, Raquel</subfield>
        </datafield>
        <datafield tag="710" ind1="2" ind2=" ">
            <subfield code="1">4009</subfield>
            <subfield code="2">813</subfield>
            <subfield code="a">Universidad de Zaragoza</subfield>
            <subfield code="b">Dpto. Psicología y Sociología</subfield>
            <subfield code="c">Área Trabajo Social y Serv.Soc</subfield>
        </datafield>
        <datafield tag="773" ind1=" " ind2=" ">
            <subfield code="g">25, 1 (2015), 9-17</subfield>
            <subfield code="p">Interv. psicosoc.</subfield>
            <subfield code="t">Intervención psicosocial</subfield>
            <subfield code="x">1132-0559</subfield>
        </datafield>
        <datafield tag="856" ind1="4" ind2=" ">
            <subfield code="s">592869</subfield>
            <subfield code="u">http://zaguan.unizar.es/record/32205/files/texto_completo.pdf</subfield>
            <subfield code="y">Versión publicada</subfield>
        </datafield>
        <datafield tag="856" ind1="4" ind2=" ">
            <subfield code="s">87837</subfield>
            <subfield code="u">http://zaguan.unizar.es/record/32205/files/texto_completo.jpg?subformat=icon</subfield>
            <subfield code="x">icon</subfield>
            <subfield code="y">Versión publicada</subfield>
        </datafield>
        <datafield tag="909" ind1="C" ind2="O">
            <subfield code="o">oai:zaguan.unizar.es:32205</subfield>
            <subfield code="p">articulos</subfield>
            <subfield code="p">driver</subfield>
        </datafield>
        <datafield tag="951" ind1=" " ind2=" ">
            <subfield code="a">2021-01-21-08:16:49</subfield>
        </datafield>
        <datafield tag="980" ind1=" " ind2=" ">
            <subfield code="a">ARTICLE</subfield>
        </datafield>
    </record>

    
</collection>